KOHA-Header-6

Fundamentals Of Database Systems (Record no. 5819)

000 -LEADER
fixed length control field 00207nam a22000977a 4500
020 ## - INTERNATIONAL STANDARD BOOK NUMBER
ISBN 978-0133970777
082 ## - DEWEY DECIMAL CLASSIFICATION NUMBER
Classification number 005.74
100 ## - MAIN ENTRY--AUTHOR NAME
Personal name Elmasri, Ramez
245 ## - TITLE STATEMENT
Title Fundamentals Of Database Systems
942 ## - ADDED ENTRY ELEMENTS (KOHA)
Koha item type Books
Holdings
Withdrawn status Lost status Collection code Permanent Location Current Location Shelving location Date acquired Full call number Accession Number Koha item type
    Database Systems MAJU MAJU Shelf No.B19 2019-09-04 005.74 4059 Computer Science
    Database Systems MAJU MAJU Shelf No.B19 2019-09-04 005.74 4060 Computer Science

Powered by Koha